[Event "Sapporo Hokkaido-ch"]
[Site "Sapporo"]
[Date "2021.03.27"]
[Round "2"]
[White "Sugimoto, Koichi"]
[Black "Watanabe, Katsumi"]
[Result "1-0"]
[WhiteElo "2008"]
[BlackElo "1604"]
[PlyCount "89"]
[EventDate "2021.03.27"]
[EventType "swiss"]
[EventRounds "5"]
[EventCountry "JPN"]
[SourceTitle "CBM 202 Extra"]
[Source "ChessBase"]
[SourceDate "2021.07.31"]
[SourceVersion "1"]
[SourceVersionDate "2021.07.31"]
[SourceQuality "1"]

1. d4 d5 2. c4 e6 3. Nf3 Nf6 4. Bg5 Be7 5. Nc3 h6 6. Bh4 0-0 7. e3 Ne4 8. Bxe7 Qxe7 9. Rc1 Nd7 10. Bd3 Ndf6 11. 0-0 c6 12. Qc2 Nxc3 13. Qxc3 dxc4 14. Bxc4 Ne4 15. Qc2 f5 16. Bd3 Ng5 17. Ne5 Nf7 18. Ng6 Qg5 19. Nxf8 Kxf8 20. e4 f4 21. Qc5+ Kg8 22. Qxg5 hxg5 23. e5 Bd7 24. b4 Rd8 25. Rfd1 Bc8 26. b5 cxb5 27. Bxb5 Nh6 28. Bd3 Bd7 29. Be4 Ba4 30. Rd3 Rd7 31. d5 exd5 32. Bxd5+ Kf8 33. e6 Rd6 34. Rc8+ Ke7 35. Rc7+ Kf6 36. Bc4 Rc6 37. Rxc6 Bxc6 38. Kf1 Ng8 39. Ke1 Bxg2 40. f3 Ne7 41. Kf2 Bh3 42. Rd7 Nc6 43. Rf7+ Kg6 44. Rxb7 Na5 45. e7 1-0